000 00625nam a2200205 u 4500
005 20240831063730.0
008 100205s2004 es r 000 0 spa d
020 _a8492126280
035 _aUPN01000174474
049 _aI
050 4 _aPZ78
_bG3.7
100 1 _aGarcía Martínez, Pablo Guillermo
_930998
245 1 3 _aEl verano del capitán Cooper /
_cPablo Guillermo García M. ; il. Julia Noguer Noguer.
260 _aMálaga, Esp. :
_bSarría,
300 _a123 p. :
_bil.
440 0 _aLeones.
_pInfantil/juvenil ;
_v3
650 4 _aCuentos infantiles españoles
_97725
905 _aInfantil
999 _c146578
_d146578